LEADER 00891nam0 2200277 450 001 000026018 005 20090527135352.0 010 $a0-632-01374-5 100 $a20090527d1986----km-y0itay50------ba 101 0 $aeng 102 $aGB 105 $aa-------001yy 200 1 $aSeismic data processing$etheory and practice$fL. Hatton, M. H. Worthington, J. Makin 210 $aOxford [etc]$cBlackwell Scient. Publ.$d1986 215 $aVII, 177 p.$cill.$d30 cm. 500 10$aSeismic data processing$943003 610 1 $aSismologia$aOnde sismiche 676 $a551.22$v21$9TERREMOTI 700 1$aHatton,$bLeslie$0633524 701 1$aWorthington,$bMichael$0633525 701 1$aMakin,$bJohn$0128662 801 0$aIT$bUNIPARTHENOPE$c20090527$gRICA$2UNIMARC 912 $a000026018 951 $aDISAM 551-S/4$b50$cDISAM$d2009 996 $aSeismic data processing$943003 997 $aUNIPARTHENOPE LEADER 00971nam0-22003131--450- 001 990008516640403321 005 20090619230917.0 010 $a0300049188 035 $a000851664 035 $aFED01000851664 035 $a(Aleph)000851664FED01 035 $a000851664 100 $a20070525d1992----km-y0itay50------ba 101 0 $aeng 102 $aUS 105 $ay-------001yy 200 1 $aMedieval architecture, medieval learning$ebuilders and masters in the age of romanesque and gothic$fCharles M. Radding and William W. Clark 210 $aNew Haven ; London$cYale University$dc1992 215 $aXIII, 166 p.$cill.$d27 cm 676 $a723.4$v20$zita 700 1$aRadding,$bCharles M.$039179 701 1$aClark,$bWilliam W.$0343915 801 0$aIT$bUNINA$gRICA$2UNIMARC 901 $aBK 912 $a990008516640403321 952 $aSDI-KD 589$bs.i.$fSDI 959 $aSDI 996 $aMedieval architecture, medieval learning$9732680 997 $aUNINA